Engine lathe work : (Record no. 91001)

MARC details
000 -LEADER
fixed length control field 00563cam a22001693 4500
001 - CONTROL NUMBER
control field tmp82011446
003 - CONTROL NUMBER IDENTIFIER
control field DLC
005 - DATE AND TIME OF LATEST TRANSACTION
control field 20260227112752.0
008 - FIXED-LENGTH DATA ELEMENTS--GENERAL INFORMATION
fixed length control field 891002s1909 xx 000 0 eng
010 ## - LIBRARY OF CONGRESS CONTROL NUMBER
LC control number tmp82011446
040 ## - CATALOGING SOURCE
Original cataloging agency DLC
Transcribing agency CarP
Modifying agency DLC
050 00 - LIBRARY OF CONGRESS CALL NUMBER
Classification number TJ1218
Item number .C7
100 1# - MAIN ENTRY--PERSONAL NAME
Personal name Colvin, Fred H.
Fuller form of name (Fred Herbert),
Dates associated with a name 1867-1965.
245 10 - TITLE STATEMENT
Title Engine lathe work :
Remainder of title practical suggestions which will give the young machinist or apprentice the foundation principles of engine lathe work /
Statement of responsibility, etc. by Fred H. Colvin.
260 ## - PUBLICATION, DISTRIBUTION, ETC.
Place of publication, distribution, etc. [n. p.]
Date of publication, distribution, etc. 1909.
300 ## - PHYSICAL DESCRIPTION
Extent 1 v.
Other physical details cm.

No items available.

Powered by Koha